| 000 | 00902nam a2200229Ia 4500 | ||
|---|---|---|---|
| 003 | GCL | ||
| 005 | 20240530102612.0 | ||
| 008 | 140319s1992 ua g 000 0 ara d | ||
| 017 |
_a1992/8108 _bمصر. دار الكتب |
||
| 040 |
_aGCL / _cGCL |
||
| 082 | 0 | 4 |
_a272.78/ _bم ر |
| 100 | 1 | _aمو، دوجلاس | |
| 245 | 1 | 0 |
_aرسالة يعقوب / _cبقلم دوجلاس مو ؛ نقلة الى العربية نكلس نسيم ؛ المحرر المسئول جوزيف صابر |
| 260 |
_aالقاهرة : _bدار الثقافة العربية ، _c1992 |
||
| 300 |
_a209 ص ؛ _c24 سم. |
||
| 490 | 0 |
_aالتفسير الحديث للكتاب المقدس : العهد الجديد ؛ _v2 |
|
| 650 | 0 | 7 |
_2qrmak _aالعهد الجديد |
| 650 | 0 | 7 |
_2qrmak _aرسالة يعقوب |
| 700 | 0 |
_aجوزيف صابر _eمحرر |
|
| 700 | 0 |
_aنكلس نسيم _eمترجم |
|
| 942 |
_2ddc _cBK |
||
| 999 |
_c33340 _d33340 |
||